| 000 | 01875cam a2200385 i 4500 | ||
|---|---|---|---|
| 001 | 000000953 | ||
| 003 | DO-SdBNP | ||
| 005 | 20260310131239.0 | ||
| 007 | ta | ||
| 008 | 050218s2005 ncub b 001 0 eng | ||
| 020 | _a082233626X | ||
| 020 | _a0822336154 | ||
| 040 |
_aDO-SdBNP _bspa _cBNPHU |
||
| 082 | 4 |
_a330.972 _bG335w _222 |
|
| 100 | 1 |
_aGenova, Nicholas De, _eautor _4aut. _93343 |
|
| 245 | 1 | 0 |
_aWorking the boundaries : _brace, space, and "illegality" in Mexican Chicago / _cNicholas De Genova. |
| 260 | 1 |
_aDurham, N.C. : _bDuke University Press, _c2005. |
|
| 300 |
_axvi, 329 páginas : _bmapas ; _c23 cm. |
||
| 336 |
_atexto _btxt _2rdacontent |
||
| 337 |
_asin mediación _bn _2rdamedia |
||
| 338 |
_avolumen _bnc _2rdacarrier |
||
| 504 | _aBibliografía : páginas [281]-309. | ||
| 505 | 1 | _aIntroduction : working the boundaries -- Decolonizing ethnography -- The "native's point of view" : immigration and the immigrant as objects of U.S. nationalism -- Locating a Mexican Chicago in the space of the U.S. nation-state -- The politics of production -- Reracialization : between "Americans" and Blacks -- The legal production of Mexican/migrant "illegality". | |
| 650 | 4 |
_aMéxicanos americanos _zIllinois _zChicago _xCondiciones sociales _93344 |
|
| 650 | 4 |
_aMexicanos _zIllinois _zChicago _xCondiciones sociales _93345 |
|
| 650 | 4 |
_aInmigrantes _zIllinois _zChicago _xCondiciones sociales _93346 |
|
| 650 | 4 |
_aExtranjeros ilegales _zIllinois _zChicago _xCondiciones sociales _93347 |
|
| 650 | 4 |
_aNacionalismo _zEstados Unidos _910966 |
|
| 650 | 4 |
_aEmigración e inmigración _xAspectos políticos _zEstados Unidos _93352 |
|
| 650 | 4 |
_aMéxico americanos _93353 |
|
| 651 | 4 |
_aChicago (Illinois) _xRelaciones raciales _93348 |
|
| 651 | 4 |
_aChicago (Illinois) _xEmigración e inmigración _93349 |
|
| 651 | 4 |
_aMéxico _xEmigración e inmigración _93350 |
|
| 942 |
_2ddc _cLBS1 |
||
| 999 |
_c942 _d942 |
||